Statistics for Mobile Phone Brand by Country

Click here to take the quiz!

General Stats

  • This quiz has been taken 125 times
  • The average score is 9 of 14

Answer Stats

BrandCountry% Correct
NokiaFinland
91%
SamsungSouth Korea
90%
HuaweiChina
85%
SonyJapan
83%
MotorolaUnited States
71%
EricssonSweden
70%
PanasonicJapan
66%
LGSouth Korea
65%
SiemensGermany
63%
VodafoneUnited Kingdom
63%
BlackBerryCanada
52%
AlcatelFrance
45%
HTCTaiwan
45%
PhilipsNetherlands
42%

Score Distribution

Percentile by Number Answered

Percent of People with Each Score

Your Score History

You have not taken this quiz